Central Library OPAC University of Rajshahi

Understanding the Sino-Indian War, 1962 / (Record no. 73957)

MARC details
000 -LEADER
fixed length control field 00789nam a2200265 a 4500
001 - CONTROL NUMBER
control field 73957
003 - CONTROL NUMBER IDENTIFIER
rucl marc code BD-RjUL
005 - DATE AND TIME OF LATEST TRANSACTION
control field 20211209082451.0
008 - FIXED-LENGTH DATA ELEMENTS--GENERAL INFORMATION
fixed length control field 171129s2013 ii a|||| b||| 000 0 eng d
020 ## - INTERNATIONAL STANDARD BOOK NUMBER
Terms of availability 695.00
035 ## - SYSTEM CONTROL NUMBER
System control number (BD-RjUL)74175
040 ## - CATALOGING SOURCE
Original cataloging agency BD-RjUL
Language of cataloging eng
Transcribing agency BD-RjUL
041 ## - LANGUAGE CODE
Language code of text/sound track or separate title eng
082 ## - DEWEY DECIMAL CLASSIFICATION NUMBER
Edition number 20
Classification number 954.042
Author mark and year DAU 2013
100 1# - MAIN ENTRY--PERSONAL NAME
Personal name Das, Gautam
9 (RLIN) 219530
245 10 - TITLE STATEMENT
Title Understanding the Sino-Indian War, 1962 /
Statement of responsibility, etc. Gautam Das
260 ## - PUBLICATION, DISTRIBUTION, ETC. (IMPRINT)
Place of publication, distribution, etc. New Delhi :
Name of publisher, distributor, etc. Har-Anand Publications,
Date of publication, distribution, etc. 2013.
300 ## - PHYSICAL DESCRIPTION
Pagination 264 p. :
Illustrations ill
Size 25 cm.
490 ## - SERIES STATEMENT
Series statement Military affairs series.
504 ## - BIBLIOGRAPHY, ETC. NOTE
Bibliography, etc Includes Bibliography
650 ## - SUBJECT ADDED ENTRY--TOPICAL TERM
Topical term or geographic name as entry element Sino-Indian Border Dispute
Chronological subdivision 1957
9 (RLIN) 219531
651 ## - SUBJECT ADDED ENTRY--GEOGRAPHIC NAME
Geographic name India
Form subdivision History
Chronological subdivision 1947
9 (RLIN) 219532
Geographic name China
Form subdivision History
Chronological subdivision 1949
9 (RLIN) 219533
942 ## - ADDED ENTRY ELEMENTS (KOHA)
Source of classification or shelving scheme Dewey Decimal Classification
Koha item type Books
Holdings
Lost status Source of classification or shelving scheme Damaged status Not for loan Collection code Permanent Location Current Location Shelving location Date acquired Source of acquisition Cost, normal purchase price Total Checkouts Full call number Date last seen Copy number Koha item type
  Dewey Decimal Classification   Not For Loan Non-fiction Central Library, University of Rajshahi Central Library, University of Rajshahi Reading Room 21/09/2017 V.C. Office R.U. 695.00   954.042 DAU 2013 29/11/2017 C-1 Books